Το διαδίκτυο ως πηγή υλικού για τον εκπαιδευτικό στο μάθημα της γλώσσας και της λογοτεχνίας : μεταπτυχιακή εργασία
Αποθηκεύτηκε σε:
| Κύριος συγγραφέας: | |
|---|---|
| Συγγραφή απο Οργανισμό/Αρχή: | |
| Άλλοι συγγραφείς: | , , |
| Μορφή: | Thesis Βιβλίο |
| Γλώσσα: | Greek |
| Δημοσίευση: |
Ρόδος :
Πανεπιστήμιο Αιγαίου, Παιδαγωγικό Τμήμα Δημοτικής Εκπαίδευσης,
2006.
|
| Θέματα: | |
| Ετικέτες: |
Προσθήκη ετικέτας
Δεν υπάρχουν, Καταχωρήστε ετικέτα πρώτοι!
|
MARC
| LEADER | 00000cam a2200000 i 4500 | ||
|---|---|---|---|
| 001 | 1/42019 | ||
| 008 | 070306s2006 gre d | ||
| 035 | |l 10087231 | ||
| 040 | |a GR-MY-UA |b gre |e aacr | ||
| 041 | 0 | |a gre | |
| 082 | 7 | |a 418.0078 |2 (22) | |
| 100 | 1 | |a Παππάς, Μιχάλης. | |
| 245 | 1 | 3 | |a Το διαδίκτυο ως πηγή υλικού για τον εκπαιδευτικό στο μάθημα της γλώσσας και της λογοτεχνίας : |b μεταπτυχιακή εργασία / |c Παππάς Μιχάλης ; Μιχάλης Αθανάσιος ; μέλη συμβουλευτικής επιτροπής: Παπαντωνάκης Γεώργιος, Τσολακίδης Κωνσταντίνος. |
| 260 | |a Ρόδος : |b Πανεπιστήμιο Αιγαίου, Παιδαγωγικό Τμήμα Δημοτικής Εκπαίδευσης, |c 2006. | ||
| 300 | |a 71 σ. ; |c 30 εκ. | ||
| 502 | |a Διατριβή (μεταπτυχιακή) – Πανεπιστήμιο Αιγαίου, Ρόδος, 2006. | ||
| 504 | |a Βιβλιογραφία: σ. 63-71. | ||
| 610 | 2 | 0 | |a University of the Aegean |x Dissertations. |
| 650 | 0 | 0 | |a Language and languages |x Study and teaching (Primary) |
| 650 | 0 | 0 | |a Internet in education. |
| 650 | 0 | 0 | |a Education |x Computer network resources. |
| 650 | 0 | 0 | |a Dissertations, Academic |z Greece. |
| 700 | 1 | |a Παπαντωνάκης, Γεώργιος Δ., |d 1950- |4 ths | |
| 700 | 1 | |a Μιχάλης, Αθανάσιος. |4 ths | |
| 700 | 1 | |a Τσολακίδης, Κωνσταντίνος. | |
| 710 | 2 | |a Πανεπιστήμιο Αιγαίου |b Σχολή Ανθρωπιστικών Σπουδών |b Τμήμα Δημοτικής Εκπαίδευσης. | |
| 852 | |a INST |b RHODES |c DIATR |e 20070306 |h 418.0078 ΠΑΠ |p 005400023868 |q 005400023868 |t MTXE |y 23 | ||
| 852 | |a INST |b RHODES |c DIATR |e 20070306 |h 418.0078 ΠΑΠ |p 005400023869 |q 005400023869 |t MTXE |y 23 | ||
| 901 | |a BIBL4-2007-1 | ||
| 909 | |a Ρ |b 127237 | ||
| 909 | |a Ρ |b 127236 | ||
| 924 | |a ΠΑΠΠΑΣ |b ΜΙΧΑΛΗΣ |y Ρόδος |z 2006-11 | ||
| 970 | |a ΜΙΣΣΟΣ |b ΣΤΑΥΡΟΣ |z 2007/03/06 | ||